Maternalismo y discurso feministas latinoamericanos sobre el trabajo de cuidados: un tejido en tensión /

Saved in:
Bibliographic Details
Main Author: Flores Angeles, Roberta Liliana
Other Authors: Tena Guerrero, Olivia
Format: Text
Language:Spanish
Tags: Add Tag
No Tags, Be the first to tag this record!

MARC

LEADER 00000 a a2200000 04500
001 47684
003 cru CIDCACS/IIS
005 20180216135314.0
008 180216b ||||| |||| 00| 0 spa d
999 |c 34492  |d 34492 
040 |c cru CIDCACS/IIS 
100 |a Flores Angeles, Roberta Liliana  
245 |a Maternalismo y discurso feministas latinoamericanos sobre el trabajo de cuidados:   |b un tejido en tensión /  |c Roberta Liliana Flores Angeles, Olivia Tena Guerrero  
700 |a Tena Guerrero, Olivia  
773 |g volumen19, número50, (2014), páginas 27-42  
942 |2 ddc  |c LI